000 00387nam a2200145Ia 4500
008 240624s9999 xx 000 0 und d
041 _aeng
082 _a658.4012 IRE
100 _aIRELAND R DUANE
245 _aMANAGEMENT OF STRATEGY CASES
250 _a(10th ed.)
260 _c2013
_aNew Delhi
_bSouth-Western Cengage Learning
300 _axxiii, 439 p.; 27 cm.
365 _cBPS
_b26
999 _c30023
_d30023